Стратиграфия, литология и условия формирования четвертичных отложений западной части Кузнецкого бассейна: диссертация на соискание ученой степени кандидата геолого-минералогическихнаук

Бібліографічні деталі
Автор: Михальченко Б. Ф.
Співавтор: Томский политехнический институт (ТПИ)
Інші автори: Кузьмин А. М. Алексей Михайлович (научный руководитель)
Мова:Російська
Опубліковано: Томск, 1966
Предмети:
Формат: MixedMaterials Книга
KOHA link:https://koha.lib.tpu.ru/cgi-bin/koha/opac-detail.pl?biblionumber=143542

MARC

LEADER 00000nbm0a2200000 4500
001 143542
005 20231031143246.0
035 |a (RuTPU)RU\TPU\book\155555 
090 |a 143542 
100 |a 20080919d1966 k y0rusy50 ca 
101 0 |a rus 
102 |a RU 
105 |a a m 001zy 
200 1 |a Стратиграфия, литология и условия формирования четвертичных отложений западной части Кузнецкого бассейна  |e диссертация на соискание ученой степени кандидата геолого-минералогическихнаук  |f Б. Ф. Михальченко  |g Томский политехнический институт (ТПИ) ; науч. рук. А. М. Кузьмин 
210 |a Томск  |d 1966 
215 |a 240 л.  |c ил. 
320 |a Библиогр.: с. 204-240. 
610 1 |a диссертации 
610 1 |a Кузнецкий бассейн 
610 1 |a стратиграфия 
610 1 |a литология 
610 1 |a четвертичные отложения 
610 1 |a формирование 
610 1 |a литолого-минералогический состав 
610 1 |a химические характеристики 
610 1 |a геологические характеристики 
610 1 |a труды учёных ТПУ 
675 |a 551.79(04)  |v 3 
675 |a 552.5(04)  |v 3 
700 1 |a Михальченко  |b Б. Ф. 
702 1 |a Кузьмин  |b А. М.  |c российский геолог  |c профессор Томского политехнического института  |f 1891-1980  |g Алексей Михайлович  |2 stltpush  |3 (RuTPU)RU\TPU\pers\13901  |4 727 
712 0 2 |a Томский политехнический институт (ТПИ)  |c (1944-1991)  |2 stltpush  |3 (RuTPU)RU\TPU\col\1123 
801 1 |a RU  |b 63413507  |c 20080919  |g PSBO 
801 2 |a RU  |b 63413507  |c 20110325  |g RCR 
942 |c BK